| 000 | 00377nam a2200133Ia 4500 | ||
|---|---|---|---|
| 008 | 230411s9999 xx 000 0 und d | ||
| 041 | _aeng | ||
| 082 | _aF/610.7307/BHA/B07276 | ||
| 100 |
_aBhaskara Raj D _9179440 |
||
| 245 | _aNursing PB BSc Solved Question Papers for 1st Year | ||
| 260 |
_bJaypee Brothers _aNew Delhi _c2012 |
||
| 300 | _a902p | ||
| 999 |
_c157417 _d157417 |
||